000 00764nam a22002417a 4500
999 _c7104
_d7104
003 AR-CdUCM
008 190225b ||||| |||| 00| 0 spa d
040 _aMUNICIPALIDAD PROVINCIAL DEL CUSCO
_cBIBLIOTECA MUNICIPAL DEL CUSCO
082 _a869.56 /
_bM41
100 _aMelgar, Mariano
_911021
245 _aAntología Poética /
260 _aLima :
_bUniverso,
_c1975.
300 _a136 paginas ;
_c17 cm.
440 _aColección Autores Peruanos
_n : 50
_920015
650 _aPerú
_935
650 _aPoesía peruana
_911982
650 _aSiglo XX
_98
650 _aPoetas peruanos - Arequipa
_920016
650 _aMariano Melgar - Poemas
_920017
700 _aCornejo Polar, Antonio (Prólogo y selección)
_920018
942 _2ddc
_cLIBROS
945 _alccs